书目信息 |
| 题名: |
中国社会主义建设教学要点:试用本
|
|
| 作者: | 国家教委政治思想教育司编 | |
| 分册: | ||
| 出版信息: | 北京 高等教育出版社 1988.06 |
|
| 页数: | 73页 | |
| 开本: | 32开 | |
| 丛书名: | ||
| 单 册: | ||
| 中图分类: | D614-41 | |
| 科图分类: | ||
| 主题词: | ||
| 电子资源: | ||
| ISBN: | 7-04-001015-1 | |
| 000 | 00586nam0 2200169 45 | |
| 001 | 0199000613 | |
| 005 | 20220520100030.85 | |
| 010 | @a7-04-001015-1@d0.60元 | |
| 100 | @a19990804d km y0chiy0120 ea | |
| 101 | 0 | @achi |
| 105 | @a z 000yy | |
| 200 | 1 | @AZHONG GUO SHE HUI ZHU YI JIAN SHE JIAO XUE YAO DIAN: SHI YONG BEN@FGUO JIA JIAO WEI ZHENG ZHI SI XIANG JIAO YU SI BIAN@a中国社会主义建设教学要点:试用本@f国家教委政治思想教育司编 |
| 210 | @a北京@c高等教育出版社@d1988.06 | |
| 215 | @a73页@c无图表@d32开 | |
| 690 | @aD614-41 | |
| 801 | 0 | @aCN@bPFT@c20220520 |
| 905 | @dD614-41@eG902@f4 | |
| 中国社会主义建设教学要点:试用本/国家教委政治思想教育司编.-北京:高等教育出版社,1988.06 |
| 73页:无图表;32开 |
| ISBN 7-04-001015-1:0.60元 |
| ● |
| 相关链接 |
|
|
|
正题名:中国社会主义建设教学要点:试用本
索取号:D614-41/G902
 
预约/预借
| 序号 | 登录号 | 条形码 | 馆藏地/架位号 | 状态 | 备注 |
| 1 | 3445 | 200282639 | 社科库509/509社科库 72排3列1层/ [索取号:D614-41/233] | 在馆 | |
| 2 | 3446 | 200253242 | 社科库509/ [索取号:D614-41/233] | 在馆 | |
| 3 | 3447 | 200282112 | 社科库509/509社科库 72排3列1层/ [索取号:D614-41/233] | 在馆 | |
| 4 | 3448 | 200281596 | 社科库509/509社科库 72排3列1层/ [索取号:D614-41/233] | 在馆 | |
| 5 | 3449 | 200284101 | 社科库509/509社科库 72排3列1层/ [索取号:D614-41/233] | 在馆 |